书目信息 |
| 题名: |
物理学手册
|
|
| 作者: | A.A.杰特拉夫 著 ;宓鼎樑 译 | |
| 分册: | ||
| 出版信息: | 北京 科学出版社 1986 |
|
| 页数: | 926页 | |
| 开本: | 20cm | |
| 丛书名: | ||
| 单 册: | ||
| 中图分类: | O4-12 | |
| 科图分类: | ||
| 主题词: | 物理学--现状 , 物理学--概况 | |
| 电子资源: | ||
| ISBN: | ||
| 000 | 00617nam0 2200205 450 | |
| 001 | 0732828906 | |
| 005 | 20070903090708.90 | |
| 010 | @b精装@d¥7.50 | |
| 100 | @a20070903d km y0chiy0120 ea | |
| 101 | 0 | @achi |
| 200 | 1 | @a物理学手册@Awu li xue shou ce@f(苏)A.A.杰特拉夫著@F(su)A.A.jie te la fu zhu@g宓鼎樑译@Gmi ding liang yi |
| 210 | @a北京@c科学出版社@d1986 | |
| 215 | @a926页@d20cm | |
| 606 | 0 | @a物理学@x现状 |
| 606 | 0 | @a物理学@x概况 |
| 690 | @aO4-12@v3 | |
| 701 | 0 | @aA.A.杰特拉夫@AA.A.jie te la fu@4著 |
| 702 | 0 | @a宓鼎樑@Ami ding liang@4译 |
| 801 | 0 | @aCN@bPFT@c20070903 |
| 905 | @a213230@dO4-12@eS144@f1 | |
| 物理学手册/(苏)A.A.杰特拉夫著/宓鼎樑译.-北京:科学出版社,1986 |
| 926页;20cm |
| ISBN (精装):¥7.50 |
| ● |
| 相关链接 |
|
|
|
|
正题名:物理学手册
索取号:O4-12/S144
 
预约/预借
| 序号 | 登录号 | 条形码 | 馆藏地/架位号 | 状态 | 备注 |
| 1 | 6704423 | 267044236 | 密集书库-数信学院/ [索取号:O4-12/S144] | 在馆 |